000 00632nam a22001817a 4500
005 20251108172951.0
008 250721s2003 xx 000 0 ara d
082 1 4 _a216.4/عمر
100 1 _aعمران، زياد علي
245 1 0 _aرسائل من عالم الجان : الأسرار و الحقائق التي تكشفت ، أدق الخفايا حول عالم الجن /
264 1 _aعمان :
_bدار الإسراء للنشر و التوزيع،
_c2003.
300 _a80 ص
650 1 7 _aالعقيدة الدينية
650 1 7 _aالجان
650 1 7 _aالإسلام
942 _2ddc
_cBK
999 _c92990
_d92990